Building the Competitive Workforce Investing in Human Capital for Corporate Success

Enregistré dans:
Détails bibliographiques
Autres auteurs: Mirvis, Philip H.
Format: Livre
Langue:anglais
Publié: New York Wiley & Sons 1993
Édition:1. ed.
Sujets:
Tags: Ajouter un tag
Pas de tags, Soyez le premier à ajouter un tag!

MARC

LEADER 00000nam a2200000 4500
001 c014191
005 20230315135019.2
020 |a 0-471-59257-9 
041 0 |a eng 
044 |a US 
245 1 0 |a Building the Competitive Workforce  |b Investing in Human Capital for Corporate Success  |c Edit. Philip H. Mirvis 
250 |a 1. ed. 
264 1 |a New York  |b Wiley & Sons  |c 1993 
300 |a 256 s. 
610 2 0 |a manažment personálny 
610 2 0 |a zdroje ľudské 
610 2 0 |a USA 
610 2 0 |a konkurencieschopnosť 
610 2 0 |a úspech pracovný 
700 1 |a Mirvis, Philip H.